书目信息 |
| 题名: |
历史上著名的文学家
|
|
| 作者: | 张杰 编著 | |
| 分册: | ||
| 出版信息: | 长春 吉林出版集团有限责任公司 2014 |
|
| 页数: | 159页 | |
| 开本: | 24cm | |
| 丛书名: | 历史的天空 | |
| 单 册: | ||
| 中图分类: | K815.6-49 , K815.6 | |
| 科图分类: | ||
| 主题词: | 作家--Zuo Jia--生平事迹--世界 | |
| 电子资源: | ||
| ISBN: | 978-7-5534-5663-8 | |
| 000 | 00991nam 2200253 450 | |
| 001 | 2371031591 | |
| 005 | 20231109122031.15 | |
| 010 | @a978-7-5534-5663-8@dCNY45.00 | |
| 100 | @a20141001d2014 cdey0chiy0120 ea | |
| 101 | 0 | @achi |
| 102 | @aCN@b220000 | |
| 105 | @aa z 000yc | |
| 200 | 1 | @a历史上著名的文学家@ALi Shi Shang Zhu Ming De Wen Xue Jia@f张杰编著 |
| 210 | @a长春@c吉林出版集团有限责任公司@d2014 | |
| 215 | @a159页@c彩图@d24cm | |
| 225 | 2 | @a历史的天空@ALi Shi De Tian Kong |
| 330 | @a为了使青少年了解中国乃至世界文学家,我们精心编撰了这本书,精心选择了在中外历史上影响大、有特点的文学家,介绍他们的主要影响和文学家对少年有正面教育意义的故事。他们有的关注生活中的小人物,用文字反映他们的喜怒哀乐,有的用一个个激荡人心的故事反应了一个时代的变迁。 | |
| 410 | 0 | @12001 @a历史的天空 |
| 606 | 0 | @a作家@AZuo Jia@x生平事迹@y世界 |
| 690 | @aK815.6-49@v5 | |
| 690 | @aK815.6@v4 | |
| 701 | 0 | @a张杰@AZhang Jie@4编著 |
| 801 | 0 | @aCN@b山东中教@c20230926 |
| 905 | @aBZT@dK815.6@e7 | |
| 历史上著名的文学家/张杰编著.-长春:吉林出版集团有限责任公司,2014 |
| 159页:彩图;24cm.-(历史的天空) |
| ISBN 978-7-5534-5663-8:CNY45.00 |
| 为了使青少年了解中国乃至世界文学家,我们精心编撰了这本书,精心选择了在中外历史上影响大、有特点的文学家,介绍他们的主要影响和文学家对少年有正面教育意义的故事。他们有的关注生活中的小人物,用文字反映他们的喜怒哀乐,有的用一个个激荡人心的故事反应了一个时代的变迁。 |
| ● |
| 相关链接 |
|
|
|
正题名:历史上著名的文学家
索取号:K815.6/7
 
预约/预借
| 序号 | 登录号 | 条形码 | 馆藏地/架位号 | 状态 | 备注 |
| 1 | 2000958467 | 2000958467 | 第四书库/四033架A面5层1列/ [索取号:K815.6/7] | 在馆 | |
| 2 | 2000958468 | 2000958468 | 第四书库/四033架A面5层1列/ [索取号:K815.6/7] | 在馆 | |
| 3 | 2000958469 | 2000958469 | 第四书库/四033架A面5层1列/ [索取号:K815.6/7] | 在馆 | |
| 4 | 2000958470 | 2000958470 | 第四书库/四033架A面5层1列/ [索取号:K815.6/7] | 在馆 | |
| 5 | 2000958471 | 2000958471 | 第四书库/四033架A面5层1列/ [索取号:K815.6/7] | 在馆 | |
| 6 | 2000958472 | 2000958472 | 第四书库/四033架A面5层1列/ [索取号:K815.6/7] | 在馆 |